Quiz o stolicach Azji #1 - Statystyki

Ogólne statystyki
  • Ten quiz został rozwiązany 84 razy
  • Średni wynik to 15 z 20
Statystyki odpowiedzi
Zagadnienie Odpowiedź % Poprawnych
Które miasto jest stolicą Indonezji? Dżakarta
100%
Które miasto jest stolicą Chin? Pekin
100%
Które miasto jest stolicą Japonii? Tokio
100%
Które miasto jest stolicą Cypru? Nikozja
96%
Które miasto jest stolicą Indii? Nowe Delhi
96%
Które miasto jest stolicą Bangladeszu? Dhaka
91%
Które miasto jest stolicą Filipin? Manila
87%
Które miasto jest stolicą Iranu? Teheran
87%
Które miasto jest stolicą Azerbejdżanu? Baku
83%
Które miasto jest stolicą Jordanii? Amman
78%
Które miasto jest stolicą Izreala? Jerozolima
78%
Które miasto jest stolicą Arabii Saudyjskiej? Rijad
74%
Które miasto jest stolicą Iraku? Bagdad
70%
Które miasto jest stolicą Jemenu? Sana
70%
Które miasto jest stolicą Bhutanu? Thimphu
70%
Które miasto jest stolicą Kambodży? Phnom Penh
61%
Które miasto jest stolicą Brunei? Bandar Seri Begawan
52%
Które miasto jest stolicą Kataru? Doha
52%
Które miasto jest stolicą Afganistanu? Kabul
52%
Które miasto jest stolicą Bahrajnu? Manama
39%
Nie znaleziono quizów pasujących do podanych kryteriów
Rozkład punktacji
Procent ludzi z każdym wynikiem
Percentyl według liczby udzielonych odpowiedzi
Twoja historia wyników
Nie rozwiązałeś tego quizu